000 00631nam a2200193 i 4500
001 23211
003 ES-MaACL
005 20231228062552.0
007 t|
008 021209s1962 sp ||||1| spa d
100 1 _aAlonso, Dámaso,
_d1898-1990
_920195
245 1 0 _aPara la biografía de Góngora /
_cdocumentos desconocidos publicados por Dámaso Alonso y Eulalia Galvarriato de Alonso.
260 _aMadrid :
_bGredos,
_c[1962]
300 _aXX, 631 p. ;
_c24 cm.
600 1 4 _aGóngora y Argote, Luis de.
_958246
700 1 _aGalvarriato, Eulalia,
_d1904-1997
_953699
852 4 _aES-MaACL
_jC-22039
999 _c23211
_d23211